000
nam a22 7a 4500
999
_c
234980
_d
234980
003
Nust
005
20170404111218.0
008
170404b xxu||||| |||| 00| 0 eng d
040
_c
DLC
082
_a
624.182 SUB
100
_a
Subramanian, N.
245
_a
Design of Steel Structures /
300
_a
xxvii, 1210p. :L
942
_2
ddc
_c
BK